<The> Environmental behaviour of consumers

Popis tohto súčasného fenoménu. Faktory, ovplyvňujúce environmentálne správanie konzumentov. Kvantitatívny prieskum medzi zákazníkmi o konkrétnych formách ekologicky orientovaného správania.

Na minha lista:
Detalhes bibliográficos
Autor principal: Hanuláková, Eva, 1964-
Outros Autores: Daňo, Ferdinand, 1959-
Formato: Capítulo de Livro
Idioma:inglês
Assuntos:
Tags: Adicionar Tag
Sem tags, seja o primeiro a adicionar uma tag!

MARC

LEADER 00000naa$a2200000$$$4500
001 0233615
005 20240502073809.0
041 0 |a eng 
044 |a SK 
245 1 0 |a <The> Environmental behaviour of consumers  |c Eva Hanuláková, Ferdinand Daňo 
520 |a Popis tohto súčasného fenoménu. Faktory, ovplyvňujúce environmentálne správanie konzumentov. Kvantitatívny prieskum medzi zákazníkmi o konkrétnych formách ekologicky orientovaného správania. 
610 2 0 |a prostredie životné 
610 2 0 |a environmentalistika 
610 2 0 |a správanie spotrebiteľa 
610 2 0 |a ekológia 
100 1 |a Hanuláková, Eva, 1964- 
700 1 |a Daňo, Ferdinand, 1959-